L'orthopédie en clièntele / (Record no. 122539)

MARC details
000 -LEADER
campo de control de longitud fija 00576nam a2200193 4500
001 - NÚMERO DE CONTROL
campo de control 122539
003 - IDENTIFICADOR DE NÚMERO DE CONTROL
campo de control ES-MaACL
005 - FECHA Y HORA DE LA ÚLTIMA TRANSACCIÓN
campo de control 20230906192009.0
007 - CAMPO FIJO DE DESCRIPCIÓN FÍSICA--INFORMACIÓN GENERAL
campo de control de longitud fija t|
008 - DATOS DE LONGITUD FIJA--INFORMACIÓN GENERAL
campo de control de longitud fija 070214s1923 fr r ||||1| fre d
100 1# - ENTRADA PRINCIPAL--NOMBRE DE PERSONA
Nombre de persona Privat, Jean.
9 (RLIN) 94004
245 12 - MENCIÓN DEL TÍTULO
Título L'orthopédie en clièntele /
Mención de responsabilidad, etc. par J. Privat.
260 ## - PUBLICACIÓN, DISTRIBUCIÓN, ETC.
Lugar de publicación, distribución, etc. Paris :
Nombre del editor, distribuidor, etc. A. Maloine,
Fecha de publicación, distribución, etc. 1923.
300 ## - DESCRIPCIÓN FÍSICA
Extensión 817 p. ;
Dimensiones 19 x 14 cm.
490 1# - MENCIÓN DE SERIE
Mención de serie Comment guérir?. Bibliothèque des praticiens
830 0# - PUNTO DE ACCESO ADICIONAL DE SERIE-TÍTULO UNIFORME
Título uniforme Comment guérir?. Bibliothèque des praticiens
9 (RLIN) 218849
852 ## - LOCALIZACIÓN
Ubicación ES-MaACL
Número de control de estantería B-11933
Holdings
Estatus retirado Estado de pérdida Estado de daño No para préstamo Biblioteca de origen Biblioteca actual Ubicación en estantería Fecha de adquisición Fuente de adquisición Total de préstamos Signatura topográfica completa Código de barras Visto por última vez Precio de reemplazo Tipo de ítem Koha
        Biblioteca del Ateneo de Madrid Biblioteca del Ateneo de Madrid Sala Pardo Bazán 17/01/2008     B-11933 1127689 23/02/2023 23/02/2023 Libro impreso